000 00365nam a2200145Ia 4500
008 240624s9999 xx 000 0 und d
041 _aeng
082 _a387.7 PEO
100 _aPEOPLES JAMES
245 _aECONOMICS OF INTERNATIONAL AIRLINE TRANS
250 _a4
260 _c2014
_aUnited Kingdom
_bEmerald
300 _axi, 374 p.; 23 cm.
365 _cBPS
_b30
999 _c30085
_d30085